Word Ladder: Kings of Myth Quiz Stats

 Plays Quiz Updated Jan 14, 2015

Challenge
Share
Tweet
Embed
Score 0/25 Timer 03:00
0 Plays Today
Clue 4-Letter Word % Correct
In Greek mythology, the King of the GodsZEUS
98%
Flying insects that produce honeyBEES
97.5%
Its variants include polar or grizzlyBEAR
97.1%
The world's most widely consumed alcoholic beverageBEER
96.9%
Actor Dourif or PittBRAD
95%
A hit with the open hand across the faceSLAP
94.5%
To fall on iceSLIP
92.6%
1975 film 'One ____ Over the Cuckoo's Nest'FLEW
92.3%
Necklace component, oftenBEAD
91.6%
Many last letters of the alphabetZEES
91.1%
Raised pedigreed dogsBRED
89.3%
Biblical garden of paradiseEDEN
88.4%
Affirmation said after a Christian prayerAMEN
88.2%
Clue 4-Letter Word % Correct
Escaped fromFLED
85.8%
Golfer Couples or TV actor Mr. RogersFRED
85.5%
A video segment or an ammunition holderCLIP
84.4%
Port city in Yemen and eponymous gulfADEN
77%
Cole ____SLAW
76.1%
A large number of people or thingsSLEW
75.8%
In Norse mythology, the King of the GodsODIN
62.3%
Greek muse of history and daughter of [First Rung]CLIO
59.6%
Bosnian football striker D┼żeko who plays for Man CityEDIN
56.8%
Spanish for 'hate'ODIO
43.9%
A miscellaneous collection of itemsOLIO
43.8%
In Egyptian mythology, the King of the Gods (before fusing with Ra)AMUN
37.7%

Today's Daily Dose

You're not logged in!

Compare scores with friends on all Sporcle quizzes.
OR
Log In

You Might Also Like...

Show Comments

Extras

Top Quizzes Today


Score Distribution

Your Account Isn't Verified!

In order to create a playlist on Sporcle, you need to verify the email address you used during registration. Go to your Sporcle Settings to finish the process.

Report this User

Report this user for behavior that violates our Community Guidelines.

Details: